000 00555nam a2200205Ia 4500
005 20250508153252.0
008 008 250505s9999 xx 000 0 hin d
037 _aTextual
040 _aFEDL
_beng
_cFEDL
041 _ahin
_2hin
084 _a150.18, LEW
_qFEDL
100 _aLewis Donald J
245 0 _aScientific principles of psychology
260 _aEnglewood Cliffs
_b Prentice-Hall
_c1963
300 _axi,580p.
365 _aINR
_b425
650 _aPsychology
942 _cTEXL
_h150.18, LEW
999 _c1341637
_d1341637